| 000 | 00458 a2200157 4500 | ||
|---|---|---|---|
| 005 | 20250619082156.0 | ||
| 020 | _a0-07-229990-8 | ||
| 082 | _a658.5VOL | ||
| 100 | _aBerry Vollmann | ||
| 245 | _aManufacturing Planning,:Control Supply Cain Management | ||
| 250 | _a5th,Ed | ||
| 260 |
_aNew York, _bMc Graw Hill, _c2005. |
||
| 300 |
_axii,665p,;ill,table,figure, _bAppendix, Index, _c24cm. |
||
| 700 | _aVollmann .E.T,Berry. L.W,Whybark C. D | ||
| 942 |
_2ddc _cBKS |
||
| 999 |
_c4365 _d4365 |
||